000 00324nam a2200121 a 4500
005 20140414131917.0
008 101019s19uu xx 00 eng d
050 _aER
_bW55 1994
100 _aLeventhal, Debra
245 _aWhat us your language?.
260 _aNew York :
_bDutton Children's Books,
_c1994.
999 _c111538
_d111538